Statistics for Top 250 Biggest urban areas in Northern Europe

Click here to take the quiz!

General Stats

  • This quiz has been taken 80 times
  • The average score is 67 of 250

Answer Stats

#"Country*"PopulationUrban Area% Correct
1England10,356,574London
97%
5Sweden1,515,017Stockholm
97%
8Ireland1,173,179Dublin
97%
7Denmark1,246,057Copenhagen
96%
2England2,626,139Manchester
96%
3England2,509,741Birmingham
94%
4England1,824,753Leeds
94%
10Norway942,084Oslo
94%
24Wales459,622Cardiff
94%
17Latvia641,423Riga
93%
6Finland1,249,820Helsinki
93%
9Scotland1,001,059Glasgow
93%
25Estonia447,414Tallinn
93%
30Northern Ireland333,740Belfast
92%
21Scotland512,510Edinburgh
90%
12England878,052Liverpool
90%
19Lithuania542,664Vilnius
87%
55Ireland208,669Cork
80%
13England788,782Newcastle upon Tyne
80%
18Sweden549,839Gothenburg
79%
39Sweden301,706Malmö
77%
14England753,777Nottingham
77%
54Scotland213,810Aberdeen
77%
48Norway247,731Bergen
75%
15England703,920Sheffield
73%
11England885,693Southampton
72%
16England648,816Bristol
70%
70England167,622Cambridge - Milton
69%
62England179,771Oxford
69%
37Wales304,250Swansea
68%
44England266,497Plymouth
66%
71England161,654York
66%
35England316,408Kingston upon Hull
65%
68Norway169,972Trondheim
63%
53England222,943Norwich
63%
20England526,018Leicester
63%
45Denmark264,716Aarhus
63%
240Scotland47,260Inverness
62%
57Iceland201,049Reykjavík
59%
73Scotland158,250Dundee
56%
43Finland269,057Turku
56%
79Sweden140,454Uppsala
56%
40Lithuania295,492Kaunas
55%
22England492,020Brighton and Hove
54%
32England329,062Reading
54%
31Finland330,711Tampere
52%
50England238,725Blackpool
52%
26England388,495Coventry
52%
28England377,439Stoke-on-Trent
51%
66Denmark172,512Odense
49%
85Denmark130,853Aalborg
49%
110England100,231Bath
49%
29England337,786Sunderland
49%
41England276,071Derby
48%
56Norway203,771Stavanger
48%
58Finland198,358Oulu
46%
23England483,318Bournemouth
46%
139Ireland79,934Galway
45%
117Ireland94,192Limerick
42%
27England380,643Middlesbrough
42%
88England126,689Exeter
39%
239Scotland47,270Perth
38%
121England92,767Chester
37%
80England145,775Blackburn
37%
191England60,195Canterbury
35%
75Lithuania152,962Klaipėda
35%
114Estonia96,904Tartu
34%
74England157,611Gloucester
34%
141Sweden79,594Umeå
32%
65England172,968Peterborough
32%
125Sweden89,396Jönköping
32%
36Wales310,557Newport
31%
105England104,439Worcester
30%
34England319,544Preston
30%
94England117,800Lincoln
30%
113Sweden97,122Helsingborg
30%
106Sweden104,232Linköping
28%
109England101,388Lancaster
28%
142England79,071Carlisle
28%
84England131,535Colchester
28%
49England240,637Milton Keynes
28%
59England192,481Swindon
28%
42England272,692Luton
28%
72England159,973Doncaster
27%
116Latvia94,196Daugavpils
27%
38England302,716Southend-on-Sea
27%
131Sweden87,247Norrköping
25%
196Norway58,662Kristiansand
25%
150Denmark71,618Esbjerg
25%
103Sweden107,038Örebro
25%
208Ireland53,504Waterford
25%
61England181,536Ipswich
25%
93Finland118,119Lahti
24%
223England50,057Durham
24%
244Sweden46,607Luleå
24%
101Sweden110,877Västerås
24%
128Finland88,023Kuopio
23%
92Finland121,782Jyväskylä
23%
209Finland53,481Rovaniemi
23%
137Sweden82,800Lund
23%
52England226,513Northampton
21%
216Norway50,917Ålesund
21%
102Norway110,503Drammen
21%
229Scotland49,700Stirling
21%
63England178,127Wigan
20%
97England115,166Chelmsford
20%
77England151,229Telford
20%
195Estonia59,463Narva
20%
180Northern Ireland62,460Bangor
20%
183Sweden61,685Karlstad
18%
78England150,580Burnley
18%
155Latvia69,443Liepāja
18%
179England62,502Hereford
18%
221Denmark50,393Roskilde
18%
241Denmark47,123Helsingør - Elsinore
18%
132Finland84,536Pori
17%
182Scotland62,370Ayr
17%
96England115,224Cheltenham
17%
165Wales66,706Wrexham
17%
151Sweden71,033Gävle
17%
235England47,448Winchester
15%
192Scotland60,190Livingston
15%
218Sweden50,712Sundsvall
15%
156Finland67,979Vaasa
15%
69England169,778Slough
15%
189England61,082Scarborough
15%
104Norway106,758Fredrikstad - Sarpsborg
14%
197Sweden58,577Halmstad
14%
188Denmark61,163Randers
14%
203Finland55,510Lappeenranta
14%
108Lithuania102,136Šiauliai
14%
67England170,148Warrington
14%
236England47,352Yeovil
14%
227Finland49,462Hämeenlinna
14%
234Northern Ireland47,810Lisburn
14%
91England122,489Eastbourne
14%
148England72,704Shrewsbury
13%
201Latvia56,646Jūrmala
13%
161Finland67,193Joensuu
13%
190Sweden60,887Växjö
13%
81England137,312High Wycombe
13%
202Denmark55,884Horsens
13%
60England188,323Crawley
13%
83England133,995Grimsby
13%
133Scotland83,680Hamilton
13%
210Denmark53,230Vejle
13%
87England127,404Burton upon Trent
13%
82England135,718Hastings
13%
100England111,941Bedford
13%
173England64,091Macclesfield
11%
168Lithuania64,803Alytus
11%
89England126,034Accrington
11%
99England113,207Basingstoke
11%
107Scotland102,510Falkirk
11%
111Lithuania97,818Panevėžys
11%
171Sweden64,679Eskilstuna
11%
122England92,201Darlington
11%
123Norway90,621Porsgrunn - Skien
11%
127England88,138Harrogate
11%
213Finland52,279Kotka
11%
146Scotland74,230Dunfermline
11%
200Denmark58,021Kolding
11%
144England75,723Rugby
11%
204Wales55,406Barry
10%
249England45,749Newark-on-Trent
10%
228Denmark49,229Herning
10%
226Finland49,813Kouvola
10%
126England89,316Hartlepool
10%
153England70,006Stafford
10%
86England130,498Margate
10%
152England70,743Royal Tunbridge Wells
10%
166Sweden66,273Borås
10%
138England81,997Scunthorpe
10%
120England92,937Southport
10%
98England113,618Maidstone
8%
186Latvia61,308Jelgava
8%
119England93,169Stevenage
8%
90Scotland124,910Motherwell
8%
212England52,306Clacton-on-Sea
8%
163England66,920Kettering
8%
164England66,710Taunton
8%
64England176,964Mansfield
8%
46England256,912Farnborough
8%
246Sweden46,457Trollhättan
8%
129England87,680Weston-super-Mare
8%
143England76,922Crewe
8%
224England49,994Banbury
7%
220Scotland50,440Cumbernauld
7%
222Wales50,135Llanelli
7%
118England93,366Nuneaton
7%
215Scotland50,940Kilmarnock
7%
149England71,874Lowestoft
7%
169England64,709Great Yarmouth
7%
225Scotland49,850Kirkcaldy
7%
154England69,950Newbury
7%
185England61,379Corby
7%
160England67,463Folkestone
7%
47England255,020Gillingham
7%
245Finland46,639Seinäjoki
7%
172Sweden64,619Södertälje
7%
33England326,403Birkenhead
7%
231England48,066King's Lynn
7%
112England97,381Royal Leamington Spa
6%
135England82,897Redditch
6%
233England47,959Northwich
6%
76England151,709Basildon
6%
250Norway45,586Moss
6%
181England62,449Runcorn
6%
205England54,956Braintree
6%
162England67,027Maidenhead
6%
145Scotland75,240East Kilbride
6%
207England53,688Horsham
4%
193Wales59,924Bridgend
4%
167Northern Ireland66,150Newtownabbey
4%
176England63,035Castleford
4%
237England47,349Hinckley
4%
184England61,541Stroud
4%
134England82,930Aylesbury
4%
158Northern Ireland67,810Craigavon
4%
157England67,870Bognor Regis
4%
115England95,354Grays
4%
95England117,546Paignton
4%
198England58,187Weymouth
4%
211England52,460Wellingborough
4%
217Norway50,806Tønsberg
4%
136England82,368Tamworth
4%
206England54,715Brentwood
3%
124Scotland90,310Coatbridge
3%
238Denmark47,294Hørsholm
3%
243Wales46,689Rhyl
3%
159Scotland67,710Greenock
3%
232England47,963Hertford
3%
51England231,733Barnsley
3%
247England46,454Hatfield
3%
140England79,721Ashford
3%
219England50,516Bromsgrove
3%
248England45,835Andover
3%
242Scotland46,890Glenrothes
3%
175England63,314Welwyn Garden City
1%
147England73,264Herne Bay
1%
177England62,722Widnes
1%
194England59,806Redhill
1%
187Sweden61,272Täby
1%
230England48,117Amersham
1%
178Wales62,603Tonypandy
0%
214England51,469Sittingbourne
0%
174England64,014Loughborgough
0%
199England58,150Kiddermonster
0%
170Wales64,673Buckley
0%
130England87,323Cannrock
0%

Score Distribution

Percentile by Number Answered

Percent of People with Each Score

Your Score History

You have not taken this quiz